000 01246nam a2200265Ia 4500
999 _c54126
_d54126
001 21181
003 GE_BSU
005 20210716164011.0
008 181216s2005||||ge |||||||||||||| ||geo||
020 _a9992898364
040 _cGE_BSU
041 _ageo
080 _a347(37) ნ-15
100 _aნადარეიშვილი, გიორგი
_912279
245 _aრომის სამოქალაქო სამართალი :
_bსახელმძღვ.იურიდ. ფაკ. სტუდ. /
_cგიორგი ნადარეიშვილი, რედ. ზაზა ნანობაშვილი.
250 _aმე-2 გადამუშავებული გამოცემა
264 _aთბილისი :
_bბონა კაუზა,
_c2005.
300 _a195 გვ. ;
_c20 მ.
504 _aბიბლიოგრაფია ტექსტების შენიშვნებში
541 _h10ლ.
653 _aრომის სამოქალაქო სამართალი
653 _aსამართალი
700 _aნანობაშვილი, ზაზა
_eრედაქტორი
_98145
942 _cBK
_2udc